Optimalizácia dvojradového kalenia synchrónnych krúžkov na kaliacej linke Wienstroth

Saved in:
Bibliographic Details
Main Author: Gajarová, Nikola (Author)
Other Authors: Kocúrová, Karin (Thesis advisor)
Format: Manuscript Book
Language:Slovak
Published: 2019
Subjects:
Online Access:http://is.stuba.sk/zp/portal_zp.pl?podrobnosti=143555
Tags: Add Tag
No Tags, Be the first to tag this record!

MARC

LEADER 00000ntm a22000003a 4500
001 stuzp73160
003 SK-STU
005 20190615212338.4
007 ta
008 150427s2015----xo-----f-mn---000-0-slo-d
040 |a STU  |b slo 
041 0 |a slo 
100 1 |a Gajarová, Nikola  |u 063000  |4 aut  |U MTF Materiálovotechnologická fakulta  |T MTF Ústav výrobných technológií  |X 60680  |U M3000  |Y 83  |7 60680 
242 0 1 |a Optimization of double-row quenching of synchronous rings in the Wienstroth quenching line  |y eng 
245 1 0 |a Optimalizácia dvojradového kalenia synchrónnych krúžkov na kaliacej linke Wienstroth 
260 |c 2019 
650 4 |a optimalizácia  |2 slo 
650 4 |a kalenie  |2 slo 
650 4 |a synchrónne krúžky  |2 slo 
650 4 |a optimization  |2 eng 
650 4 |a quenching  |2 eng 
650 4 |a synchronous rings  |2 eng 
700 1 |a Kocúrová, Karin  |4 ths  |X 33631  |7 A000033631 
856 4 |u http://is.stuba.sk/zp/portal_zp.pl?podrobnosti=143555 
996 |c M* DP-13991  |l MMSKP  |s P  |a 0  |w stuzp73160_0001